000 00727nam a2200253 i 4500
001 C2-0169181
003 PPAK
005 20180728091812.0
008 980722s1983 my a|||| ||||| | eng d
020 _a9679700038
040 _aPPAK
_beng
_cPPAK
_erda
082 0 4 _a9232595
_2 23
090 0 0 _a9232595
_bMOR
_dKK
090 0 0 _a9232595
_bMOR
_dKSA
100 1 _aMorais, J.Victor,
_eauthor
245 1 0 _aAnwar Ibrahim :
_bresolute in leadership
264 1 _aKuala Lumpur :
_bArenabuku ,
_c1983
300 _avi, 105 pages :
_billustrations ;
_c22 cm
336 _2rdacontent
_atext
337 _2rdamedia
_aunmediated
338 _2rdacarrier
_avolume
650 1 0 _aPoliticians - Biography - Malaysia
942 _ddc
_cB
999 _c153219
_d153219